000 00774nam a2200253Ia 4500
003 OSt
005 20220928125017.0
006 a|||||r|||| 00| 0
007 ta
008 220927b |||||||| |||| 00| 0 eng d
020 _c599
024 _a124687
037 _b006, 02/09/2014, Excel Book International
_cTextual
040 _aSDCL
_cSDCL
_beng
041 _2eng
_aeng
082 _aV2y7N32, Q4
100 _aBaru Sanjaya
_9419880
245 0 _aAccidental Prime Minister
_b The making and unmaking of Manmohan Singh
260 _aNew Delhi
_bPenguin
_c2014
300 _axvi;301p.
_ccm.
650 _aPolitical Science
942 _hV2y7N32, Q4
_cTEXL
_2CC
999 _c780439
_d780439